| 000 | 01806cam a2200301 a 4500 | ||
|---|---|---|---|
| 001 | 4413805 | ||
| 005 | 20220326193305.0 | ||
| 008 | 990217s1997 ve a b 000 0 spa | ||
| 010 | _a 99174115 | ||
| 020 | _a9802381780 | ||
| 035 | _a(OCoLC)ocm40926056 | ||
| 035 | _a(NNC)4413805 | ||
| 040 |
_aDLC _cDLC |
||
| 043 | _as-ve--- | ||
| 082 |
_a069.07 _bM986t |
||
| 110 |
_aMuseo de Bellas Artes, Caracas- Fundación Cultural Chacao _91685 |
||
| 245 | 0 | 0 | _aTemas de museología. |
| 260 |
_aCaracas : _bFundación Museo de Bellas Artes, _cc1997. |
||
| 300 |
_a130 p. : _bill. (some col.) ; _c22 cm. |
||
| 490 | 1 |
_aSerie Reflexiones en el Museo ; _vno. 1 |
|
| 504 | _aIncludes bibliographical references. | ||
| 505 |
_tMuseos de Arte:Reflexiones sobre el perfil _rMaria Elena Ramos, Iris Peruga _tPonencia Presentada ante el seminario "la gestión cultural de los 90" _rMaria Elena Ramos _tEl sentido de los museos _rMaria Elena Ramos, Iris Peruga _tEl museo de Arte y la colección ideal _rJose Antonio Navarrete _tEl museo Juega a la carta de la actualidad _rCarmen Hernandez _tCuradores y "curadores", he aqui el dilema _rIris Peruga _tLa educación en un Museo de arte Universal: Experimento para la formación interdiciplinaria _rMaria Elena Ramos _tLa Visita Guiada: una propuesta de educación a través del arte _rJose Ignacio Herrera _tAmistad a la luz de la crisis _rMaria Elena Ramos _tUna Propuesta metodológica para el catalogo razonado de las colecciones de pintura, escultura, ensamble e instalación. _rJose Antonio Navarrete |
||
| 650 | 0 |
_aArt museums _zVenezuela _xAdministration. _91686 |
|
| 650 | 0 |
_aArt museums _xEducational aspects _zVenezuela. _91687 |
|
| 710 | 2 |
_aMuseo de Bellas Artes (Venezuela) _91509 |
|
| 830 | 0 |
_aSerie Reflexiones en el Museo ; _vno. 1. _91688 |
|
| 999 |
_c354 _d354 |
||